| 000 | 00477cam a2200181 4500 | ||
|---|---|---|---|
| 001 | D2141 | ||
| 008 | 090401t1981 xxu||||| |||| 00| 0 eng d | ||
| 035 | _a(Sirsi) u67603 | ||
| 041 | _aeng | ||
| 050 | _a725.5 | ||
| 100 | _aCammock, Ruth | ||
| 245 | _aPrimary health care buildings: briefing and design guide for architects and their clients | ||
| 260 |
_aLondon _bArchitectural Press _c1981 |
||
| 300 | _a93p. 22cm | ||
| 350 | _a10.5 | ||
| 942 | _n0 | ||
| 948 | _c04/03/1997 | ||
| 999 |
_c95033 _d95033 |
||